[Event "Berlin Cup op"]
[Site "Berlin"]
[Date "2018.09.27"]
[Round "5"]
[White "Windmueller, Werner"]
[Black "Merz, Ruediger"]
[Result "1-0"]
[WhiteElo "1485"]
[BlackElo "1811"]
[PlyCount "117"]
[EventDate "2018.08.30"]
[EventType "swiss"]
[EventRounds "5"]
[EventCountry "GER"]
[SourceTitle "EXT 2022"]
[Source "ChessBase"]
[SourceDate "2021.10.06"]
[SourceVersion "1"]
[SourceVersionDate "2021.10.06"]
[SourceQuality "1"]

1. d4 Nf6 2. c4 e6 3. a3 b6 4. e3 Bb7 5. Nc3 c5 6. d5 exd5 7. cxd5 d6 8. Nf3 Be7 9. Be2 0-0 10. 0-0 Re8 11. e4 Bf8 12. Bg5 Nbd7 13. Nd2 a6 14. a4 h6 15. Bh4 g5 16. Bg3 Ne5 17. f4 gxf4 18. Bxf4 Bc8 19. h3 Bg7 20. Bxe5 Rxe5 21. Bf3 Ra7 22. Nc4 Re8 23. Kh1 Rae7 24. Qb3 Rb7 25. Qc2 Nh7 26. Qf2 Kh8 27. Qd2 Qe7 28. Qf4 Rd8 29. Bh5 Nf6 30. Bf3 Ng8 31. Bh5 Bf6 32. Rae1 Qf8 33. Rf3 b5 34. axb5 axb5 35. Na5 Rb6 36. Nc6 Re8 37. Rff1 b4 38. Na4 Ra6 39. b3 Bd7 40. Be2 Rxc6 41. dxc6 Bxc6 42. Bc4 Rd8 43. Nb6 Be8 44. Rd1 Bg5 45. Qf3 Nf6 46. Nd5 Nd7 47. Qg3 Ne5 48. h4 Be7 49. Nf4 Ra8 50. Ra1 Rc8 51. Ra7 Bc6 52. Nd5 Bd8 53. Qf4 Ra8 54. Rxa8 Bxa8 55. Ra1 Ng6 56. Qg4 Bxh4 57. Nb6 Bc6 58. Rf1 Be8 59. Qxg6 1-0

[Event "Berlin Lieb Memorial 3rd"]
[Site "Berlin"]
[Date "2017.05.11"]
[Round "1"]
[White "Merz, Ruediger"]
[Black "Morczynski, Ryszard"]
[Result "1-0"]
[WhiteElo "1891"]
[BlackElo "1490"]
[PlyCount "57"]
[EventDate "2017.05.11"]
[EventType "swiss"]
[EventRounds "7"]
[EventCountry "GER"]
[SourceTitle "CBM 189 Extra"]
[Source "ChessBase"]
[SourceDate "2019.06.03"]
[SourceVersion "1"]
[SourceVersionDate "2019.06.03"]
[SourceQuality "1"]

1. d4 Nf6 2. c4 g6 3. Nc3 Bg7 4. e4 d6 5. Nf3 0-0 6. Be2 c5 7. 0-0 Nfd7 8. Be3 Re8 9. h3 e5 10. dxe5 Nxe5 11. Qb3 a6 12. Rad1 Qc7 13. Nxe5 dxe5 14. f3 Be6 15. Na4 Nd7 16. Qc2 b6 17. Rd2 Rad8 18. Nc3 f5 19. Bg5 Nf6 20. Nd5 Bxd5 21. cxd5 h6 22. Bxf6 Bxf6 23. Bxa6 Rd6 24. a4 Be7 25. b4 Rdd8 26. exf5 Bg5 27. Re2 Qf7 28. bxc5 Qxd5 29. Bc4 1-0

[Event "Berlin Cup KO"]
[Site "Berlin"]
[Date "2016.09.08"]
[Round "1.2"]
[White "Gebigke, Martin"]
[Black "Merz, Ruediger"]
[Result "1-0"]
[WhiteElo "2073"]
[BlackElo "1824"]
[PlyCount "107"]
[EventDate "2016.09.08"]
[EventType "k.o."]
[EventRounds "5"]
[EventCountry "GER"]
[SourceTitle "EXT 2022"]
[Source "ChessBase"]
[SourceDate "2021.10.06"]
[SourceVersion "1"]
[SourceVersionDate "2021.10.06"]
[SourceQuality "1"]

1. d4 Nf6 2. c4 e6 3. Nc3 Bb4 4. e3 c5 5. Nge2 cxd4 6. exd4 d5 7. a3 Be7 8. c5 0-0 9. g3 b6 10. b4 a5 11. Rb1 Nfd7 12. Bg2 Bf6 13. 0-0 axb4 14. axb4 bxc5 15. dxc5 Ne5 16. b5 Nbd7 17. c6 Nb6 18. Be3 Nec4 19. Bc5 Re8 20. Ra1 Rxa1 21. Qxa1 Nd2 22. Qa7 Nbc4 23. Rd1 Nb3 24. Bb4 Be5 25. Na4 Bc7 26. Nec3 d4 27. Ne4 e5 28. Rb1 Nba5 29. Bc5 f5 30. Ng5 d3 31. b6 e4 32. Qxc7 Qxc7 33. bxc7 h6 34. Nh3 Nxc6 35. Nf4 N4e5 36. Nb6 Kf7 37. Nxc8 Rxc8 38. Bd6 Nc4 39. Bc5 Rxc7 40. h4 g5 41. hxg5 hxg5 42. Nxd3 Nd8 43. Ne5+ Nxe5 44. Bd6 Re7 45. Bxe7 Kxe7 46. Rb6 Ne6 47. Bh3 Nd4 48. Bg2 Nd3 49. g4 fxg4 50. Bxe4 Ne5 51. Kg2 Ne2 52. Kf1 Nf4 53. Bf5 Nd5 54. Re6+ 1-0

[Event "Berlin Lieb Memorial 2nd"]
[Site "Berlin"]
[Date "2016.06.23"]
[Round "6"]
[White "Zschaebitz, Klaus"]
[Black "Merz, Ruediger"]
[Result "1-0"]
[WhiteElo "2070"]
[BlackElo "1909"]
[PlyCount "103"]
[EventDate "2016.05.19"]
[EventType "swiss"]
[EventRounds "7"]
[EventCountry "GER"]
[SourceTitle "EXT 2022"]
[Source "ChessBase"]
[SourceDate "2021.10.06"]
[SourceVersion "1"]
[SourceVersionDate "2021.10.06"]
[SourceQuality "1"]

1. Nf3 d5 2. g3 c5 3. Bg2 Nc6 4. c4 Nf6 5. cxd5 Nxd5 6. Nc3 Nb6 7. 0-0 e5 8. a3 Be7 9. Rb1 f6 10. d3 Be6 11. Nd2 Qd7 12. Nde4 Rc8 13. f4 0-0 14. Be3 Nd4 15. fxe5 Bb3 16. Qd2 fxe5 17. Bg5 h6 18. Bxe7 Qxe7 19. Bh3 Rxf1+ 20. Rxf1 Rf8 21. Qe1 c4 22. Rxf8+ Qxf8 23. Qf2 cxd3 24. Qxf8+ Kxf8 25. exd3 Na4 26. Nxa4 Bxa4 27. Kf2 Ke7 28. Bg4 Bc6 29. Nd2 b6 30. Nc4 Kf6 31. Nd6 b5 32. Bc8 a5 33. Ke3 g6 34. Nb7 Bxb7 35. Bxb7 b4 36. axb4 axb4 37. Ke4 Nb5 38. Kd5 b3 39. Bc6 Nd4 40. Ba4 g5 41. Kc4 Nf3 42. Bxb3 Nxh2 43. Bd1 Nf1 44. Kc5 Nxg3 45. b4 Ke7 46. Kd5 Nf5 47. Kxe5 Nd6 48. Bg4 Nb5 49. Kd5 Kd8 50. Kc5 Na7 51. b5 Nc8 52. b6 1-0

[Event "Berlin Lieb Memorial 2nd"]
[Site "Berlin"]
[Date "2016.05.26"]
[Round "2"]
[White "Boettcher, Patrick"]
[Black "Merz, Ruediger"]
[Result "1/2-1/2"]
[WhiteElo "2174"]
[BlackElo "1909"]
[PlyCount "119"]
[EventDate "2016.05.19"]
[EventType "swiss"]
[EventRounds "7"]
[EventCountry "GER"]
[SourceTitle "EXT 2022"]
[Source "ChessBase"]
[SourceDate "2021.10.06"]
[SourceVersion "1"]
[SourceVersionDate "2021.10.06"]
[SourceQuality "1"]

1. d4 Nf6 2. c4 e6 3. Nf3 d5 4. Nc3 c6 5. e3 b6 6. Bd3 Ba6 7. b3 Nbd7 8. 0-0 Be7 9. Re1 Bb7 10. Bb2 0-0 11. Qe2 Re8 12. e4 Nxe4 13. Nxe4 dxe4 14. Qxe4 g6 15. Rad1 Bf6 16. Bb1 Qc7 17. Ne5 Rad8 18. Qf4 Qb8 19. Rd3 Nxe5 20. dxe5 Rxd3 21. Bxd3 Bg7 22. h4 f5 23. h5 Qd8 24. Qf3 Re7 25. hxg6 hxg6 26. Qg3 Rd7 27. Bf1 g5 28. Bc1 Bh6 29. Be2 c5 30. Qh3 Kg7 31. Qh5 Qe7 32. Bf3 Bc8 33. g4 Qf7 34. Bxg5 Qxh5 35. Bf6+ Kf7 36. gxh5 Rd2 37. Rd1 Rxd1+ 38. Bxd1 Bb7 39. f3 Bg7 40. Bxg7 Kxg7 41. f4 Kh6 42. Kf2 Bc6 43. Kg3 Be8 44. Kh4 Bf7 45. Bf3 Be8 46. a3 a5 47. Bb7 Bxh5 48. Bc8 Bf7 49. Bd7 Kg6 50. Bc6 Kh6 51. Kg3 Kg6 52. Kh4 Kh6 53. Bf3 Be8 54. Bb7 Bf7 55. Bf3 Be8 56. Be2 Bf7 57. a4 Be8 58. Bf3 Bf7 59. Bb7 Kg6 60. Bc6 1/2-1/2

[Event "BL2-Nord 1516"]
[Site "Germany"]
[Date "2015.12.13"]
[Round "4.7"]
[White "Merz, Ruediger"]
[Black "Fruebing, Stefan"]
[Result "0-1"]
[WhiteElo "1913"]
[BlackElo "2347"]
[PlyCount "80"]
[EventDate "2015.09.19"]
[EventType "team-tourn"]
[EventRounds "9"]
[EventCountry "GER"]
[SourceTitle "EXT 2017"]
[Source "ChessBase"]
[SourceDate "2016.10.25"]
[SourceVersion "1"]
[SourceVersionDate "2016.10.25"]
[SourceQuality "1"]
[WhiteTeam "Zehlendorf"]
[BlackTeam "Koenig Tegel"]
[WhiteTeamCountry "GER"]
[BlackTeamCountry "GER"]

1. e4 c5 2. Nf3 Nc6 3. d4 cxd4 4. Nxd4 g6 5. c4 Bg7 6. Be3 Nf6 7. Nc3 d6 8. Be2 0-0 9. 0-0 Bd7 10. Rc1 Nxd4 11. Bxd4 Bc6 12. f3 a5 13. Qd2 Nd7 14. Be3 Nc5 15. b3 Qb6 16. Kh1 Rfc8 17. Bg5 Qd8 18. Rfd1 Qf8 19. Be3 h5 20. Qe1 Bh6 21. Qf2 Bxe3 22. Qxe3 Qg7 23. Kg1 Qf6 24. e5 Qxe5 25. Qxe5 dxe5 26. Nd5 Bxd5 27. Rxd5 f6 28. Rcd1 Kf7 29. Kf2 Rc7 30. Bd3 Ne6 31. Bb1 a4 32. Rc1 axb3 33. axb3 Ra3 34. b4 Rb3 35. b5 Rb2+ 36. Kf1 Nf4 37. Rdd1 Nxg2 38. Rc3 Rxc4 39. Ra3 Rd4 40. Ba2+ Rxa2 0-1

[Event "Berlin Lieb Memorial 1st"]
[Site "Berlin"]
[Date "2015.05.28"]
[Round "2"]
[White "Merz, Ruediger"]
[Black "Boettcher, Patrick"]
[Result "0-1"]
[WhiteElo "1927"]
[BlackElo "2161"]
[PlyCount "134"]
[EventDate "2015.05.21"]
[EventType "swiss"]
[EventRounds "7"]
[EventCountry "GER"]
[SourceTitle "EXT 2022"]
[Source "ChessBase"]
[SourceDate "2021.10.06"]
[SourceVersion "1"]
[SourceVersionDate "2021.10.06"]
[SourceQuality "1"]

1. e4 c5 2. Nf3 Nc6 3. d4 cxd4 4. Nxd4 Nf6 5. Nc3 e5 6. Ndb5 d6 7. Bg5 a6 8. Na3 b5 9. Nd5 Be7 10. Bxf6 Bxf6 11. c3 0-0 12. Nc2 Rb8 13. b4 Ne7 14. Nce3 Bg5 15. Nxe7+ Qxe7 16. Nd5 Qb7 17. a4 Be6 18. axb5 axb5 19. h4 Bd8 20. Qd3 f5 21. Rd1 fxe4 22. Qxe4 Rf4 23. Qd3 Rxh4 24. Rxh4 Bxh4 25. g3 Bg5 26. Bg2 Qf7 27. Ra1 h5 28. Be4 h4 29. Qf3 Qxf3 30. Bxf3 Bf5 31. gxh4 Bxh4 32. Ne3 Be6 33. Ra8 Rxa8 34. Bxa8 Bd7 35. Nd5 Kf7 36. Ke2 Ke6 37. f3 Bd8 38. Ne3 Bb6 39. Bd5+ Kf6 40. Nc2 Kf5 41. Na3 g5 42. Be4+ Kf4 43. Bd3 Bh3 44. Nxb5 d5 45. Nd6 Bg2 46. c4 Bxf3+ 47. Kd2 dxc4 48. Bxc4 g4 49. Bf1 g3 50. Nc4 Bd4 51. Kd3 Ba7 52. b5 e4+ 53. Kd2 e3+ 54. Kd3 e2 55. Bxe2 Bxe2+ 56. Kxe2 g2 57. b6 Bxb6 58. Nxb6 g1Q 59. Nc4 Qc5 60. Nd2 Qd4 61. Nf1 Qc4+ 62. Kf2 Qc2+ 63. Ke1 Kf3 64. Nd2+ Ke3 65. Nf1+ Kd3 66. Ng3 Qg2 67. Nf1 Qe2# 0-1

[Event "Berlin Lichtenberger op 12th"]
[Site "Berlin"]
[Date "2013.08.23"]
[Round "7"]
[White "Krueger, Ekkehard"]
[Black "Merz, Ruediger"]
[Result "0-1"]
[WhiteElo "1806"]
[BlackElo "1900"]
[PlyCount "80"]
[EventDate "2013.08.17"]
[EventType "swiss"]
[EventRounds "9"]
[EventCountry "GER"]
[SourceTitle "CBM 156 Extra"]
[Source "ChessBase"]
[SourceDate "2013.10.22"]
[SourceVersion "1"]
[SourceVersionDate "2013.10.22"]
[SourceQuality "1"]

1. e4 c5 2. Nf3 d6 3. Nc3 a6 4. a4 Nf6 5. d4 cxd4 6. Nxd4 e5 7. Nb3 Be6 8. Bg5 Nbd7 9. Be2 Be7 10. 0-0 0-0 11. Qd3 Qc7 12. Kh1 Rad8 13. Rad1 Nb6 14. Qg3 Kh8 15. f4 h6 16. a5 hxg5 17. fxg5 Nbd7 18. gxf6 Nxf6 19. Nd5 Bxd5 20. exd5 g6 21. c4 Kg7 22. Qe3 Rh8 23. h3 Rh7 24. Rf2 Rdh8 25. Rdf1 Kg8 26. Rxf6 Bxf6 27. Rxf6 Kg7 28. Rf1 f5 29. Rd1 Qd7 30. c5 f4 31. Qe4 Rxh3+ 32. Kg1 Rxb3 33. cxd6 Qxd6 34. Qc2 Rb4 35. Bf3 Kf6 36. Rc1 Rh7 37. Be4 Kg5 38. Qe2 Rb3 39. Kf2 Qb4 40. Bxg6 Qd4+ 0-1

[Event "Berlin Lichtenberger op 12th"]
[Site "Berlin"]
[Date "2013.08.17"]
[Round "1"]
[White "Merz, Ruediger"]
[Black "Dathe, Frederick"]
[Result "1-0"]
[WhiteElo "1900"]
[BlackElo "1458"]
[PlyCount "61"]
[EventDate "2013.08.17"]
[EventType "swiss"]
[EventRounds "9"]
[EventCountry "GER"]
[SourceTitle "CBM 156 Extra"]
[Source "ChessBase"]
[SourceDate "2013.10.22"]
[SourceVersion "1"]
[SourceVersionDate "2013.10.22"]
[SourceQuality "1"]

1. e4 c5 2. Nf3 Nc6 3. d4 cxd4 4. Nxd4 g6 5. c4 Bg7 6. Nb3 d6 7. Nc3 Nf6 8. Be2 0-0 9. Be3 Be6 10. f3 a6 11. Rc1 Rc8 12. 0-0 Ne5 13. Nd5 Bxd5 14. cxd5 Rxc1 15. Qxc1 Qc8 16. Qb1 Qb8 17. f4 Neg4 18. Bd4 Rc8 19. h3 Nh6 20. g4 e5 21. dxe6 fxe6 22. g5 e5 23. fxe5 dxe5 24. Be3 Nf7 25. gxf6 Bf8 26. Rc1 Rd8 27. Bg4 Bh6 28. Bxh6 Nxh6 29. Be6+ Nf7 30. Qc2 Qa7+ 31. Qc5 1-0

[Event "Berlin Lichtenberger op 9th"]
[Site "Berlin"]
[Date "2010.08.07"]
[Round "2"]
[White "Hahlbohm, Matthias"]
[Black "Merz, Ruediger"]
[Result "0-1"]
[WhiteElo "2095"]
[BlackElo "1920"]
[PlyCount "84"]
[EventDate "2010.08.07"]
[EventType "swiss"]
[EventRounds "9"]
[EventCountry "GER"]
[SourceTitle "CBM 137 Extra"]
[Source "ChessBase"]
[SourceDate "2010.09.01"]
[SourceVersion "1"]
[SourceVersionDate "2010.09.01"]
[SourceQuality "1"]

1. e4 c5 2. c3 Nf6 3. Bd3 e5 4. Bc2 d5 5. Qe2 d4 6. h3 Nc6 7. d3 Be7 8. Nd2 0-0 9. Nf1 Re8 10. g4 Bf8 11. Ng3 g6 12. Nf3 Bg7 13. Nh2 Be6 14. 0-0 b5 15. Rd1 Qc7 16. Nf3 Rad8 17. a4 dxc3 18. bxc3 b4 19. Bb2 b3 20. Bb1 c4 21. Ng5 Bc8 22. dxc4 Rxd1+ 23. Qxd1 Na5 24. Bd3 Ba6 25. Qe2 Nxc4 26. Rb1 Qc6 27. Nf3 Nd7 28. Nd2 Nxd2 29. Qxd2 Qd6 30. Rd1 Qxd3 31. Qxd3 Bxd3 32. Rxd3 Nc5 33. Rd2 Nxa4 34. Ne2 a5 35. c4 Nxb2 36. Rxb2 Rb8 37. Nc3 Bf8 38. Kf1 Rb4 39. Ke2 a4 40. Kd3 a3 41. Rb1 b2 42. Kc2 a2 0-1

[Event "Berlin Lichtenberger op 7th"]
[Site "Berlin"]
[Date "2008.08.24"]
[Round "9"]
[White "Poseck, Steffen"]
[Black "Merz, Ruediger"]
[Result "1/2-1/2"]
[WhiteElo "2107"]
[BlackElo "1904"]
[PlyCount "108"]
[EventDate "2008.08.16"]
[EventType "swiss"]
[EventRounds "9"]
[EventCountry "GER"]
[SourceTitle "CBM 126 Extra"]
[Source "ChessBase"]
[SourceDate "2008.11.05"]
[SourceVersion "1"]
[SourceVersionDate "2008.11.05"]
[SourceQuality "1"]

1. d4 d5 2. c4 c6 3. cxd5 cxd5 4. Nc3 Bf5 5. Qb3 Nf6 6. Qxb7 Nbd7 7. e3 Rb8 8. Qxa7 Ra8 9. Qb7 Rb8 10. Qa6 e6 11. Nf3 Be7 12. Bb5 0-0 13. Bxd7 Nxd7 14. 0-0 Nb6 15. Ne5 Nc4 16. Nxc4 Bd3 17. Re1 Rb4 18. Qa5 Rxc4 19. Qxd8 Rxd8 20. Bd2 Ra8 21. Rec1 Kf8 22. a3 Ke8 23. Na2 Rac8 24. Rxc4 Rxc4 25. Rc1 Kd7 26. Rxc4 Bxc4 27. Nc3 Bb3 28. f3 Bd8 29. Ne2 Kc6 30. Nc1 Bc2 31. Kf2 Kb5 32. Ke2 Be7 33. Bc3 Kc4 34. Kd2 Bb1 35. b3+ Kb5 36. a4+ Kb6 37. b4 Bd6 38. g3 h5 39. Nd3 h4 40. gxh4 Bxh2 41. h5 Bd6 42. e4 Ba2 43. e5 Be7 44. b5 Bb3 45. Nc5 Bxc5 46. dxc5+ Kxc5 47. b6 Kxb6 48. a5+ Kb5 49. a6 Kxa6 50. Bb4 Ba4 51. Bf8 Be8 52. Bxg7 f5 53. h6 Bg6 54. Ke3 Kb5 1/2-1/2

[Event "Berlin Lichtenberger op 7th"]
[Site "Berlin"]
[Date "2008.08.17"]
[Round "2"]
[White "Merz, Ruediger"]
[Black "Schnitzer, Peter"]
[Result "0-1"]
[WhiteElo "1904"]
[BlackElo "2176"]
[PlyCount "58"]
[EventDate "2008.08.16"]
[EventType "swiss"]
[EventRounds "9"]
[EventCountry "GER"]
[SourceTitle "CBM 126 Extra"]
[Source "ChessBase"]
[SourceDate "2008.11.05"]
[SourceVersion "1"]
[SourceVersionDate "2008.11.05"]
[SourceQuality "1"]

1. e4 c5 2. Nf3 d6 3. d4 cxd4 4. Nxd4 Nf6 5. f3 e5 6. Bb5+ Nbd7 7. Nf5 d5 8. exd5 a6 9. Bxd7+ Qxd7 10. Ne3 b5 11. c4 Bc5 12. Nc3 Bb7 13. b3 Rc8 14. Qd3 0-0 15. Ne4 Nxe4 16. fxe4 bxc4 17. bxc4 Qc7 18. Nf5 Bb4+ 19. Bd2 Bxd2+ 20. Kxd2 g6 21. Ne3 f5 22. Rhc1 fxe4 23. Qxe4 Rf2+ 24. Ke1 Rcf8 25. Nd1 Qa5+ 26. Nc3 Bc8 27. Qxe5 Qc5 28. Ne2 Bg4 29. Ng3 Rxg2 0-1

[Event "Berlin Lichtenberger op 6th"]
[Site "Berlin"]
[Date "2007.??.??"]
[Round "?"]
[White "Engelhardt, Erhard"]
[Black "Merz, Ruediger"]
[Result "0-1"]
[WhiteElo "1821"]
[BlackElo "1863"]
[PlyCount "62"]
[EventDate "2007.08.18"]
[EventType "swiss"]
[EventRounds "9"]
[EventCountry "GER"]
[SourceTitle "CBM 120 Extra"]
[Source "ChessBase"]
[SourceDate "2007.11.01"]
[SourceVersion "1"]
[SourceVersionDate "2007.11.01"]
[SourceQuality "1"]

1. f4 c5 2. Nf3 d6 3. b3 Nf6 4. Bb2 e6 5. e3 Be7 6. Be2 Nbd7 7. 0-0 0-0 8. d3 Re8 9. c4 d5 10. Ne5 Qc7 11. Nd2 Nf8 12. Qe1 b6 13. Qg3 Ng6 14. Ndf3 d4 15. Nxg6 hxg6 16. Ne5 dxe3 17. Qxe3 Bb7 18. Bf3 Rad8 19. Rad1 Nh7 20. Nxg6 fxg6 21. Qxe6+ Kh8 22. Qxg6 Bf6 23. Bxb7 Qxb7 24. Rf3 Kg8 25. Bxf6 Nxf6 26. Rg3 Kf8 27. h4 Qf7 28. Qxf7+ Kxf7 29. Kf1 Rd4 30. Rf3 Ng4 31. Kg1 Re2 0-1

[Event "Berlin Lichtenberger op 6th"]
[Site "Berlin"]
[Date "2007.??.??"]
[Round "?"]
[White "Merz, Ruediger"]
[Black "Haemmerlein, Thomas"]
[Result "0-1"]
[WhiteElo "1863"]
[BlackElo "2204"]
[PlyCount "64"]
[EventDate "2007.08.18"]
[EventType "swiss"]
[EventRounds "9"]
[EventCountry "GER"]
[SourceTitle "CBM 120 Extra"]
[Source "ChessBase"]
[SourceDate "2007.11.01"]
[SourceVersion "1"]
[SourceVersionDate "2007.11.01"]
[SourceQuality "1"]

1. e4 c5 2. Nf3 e6 3. d4 cxd4 4. Nxd4 Bc5 5. Nb3 Bb6 6. c4 Ne7 7. Nc3 0-0 8. c5 Bc7 9. Nb5 a6 10. Nxc7 Qxc7 11. Qd6 Qd8 12. g3 Nbc6 13. Be3 f5 14. f3 Ng6 15. exf5 Rxf5 16. Qd1 Rd5 17. Qe2 Nge5 18. Kf2 Qf8 19. Kg2 a5 20. Rd1 a4 21. Rxd5 exd5 22. Nc1 d6 23. cxd6 Bf5 24. Qd2 Qxd6 25. Be2 Qe6 26. Rd1 Nc4 27. Bxc4 dxc4 28. Ne2 Re8 29. Kf2 Bd3 30. Nf4 Qh6 31. h4 Ne5 32. Qc3 Qc6 0-1

[Event "Berlin Lichtenberger op 6th"]
[Site "Berlin"]
[Date "2007.??.??"]
[Round "?"]
[White "Merz, Ruediger"]
[Black "Mandic, Milenko"]
[Result "1-0"]
[WhiteElo "1863"]
[BlackElo "2084"]
[PlyCount "107"]
[EventDate "2007.08.18"]
[EventType "swiss"]
[EventRounds "9"]
[EventCountry "GER"]
[SourceTitle "CBM 120 Extra"]
[Source "ChessBase"]
[SourceDate "2007.11.01"]
[SourceVersion "1"]
[SourceVersionDate "2007.11.01"]
[SourceQuality "1"]

1. e4 d6 2. d4 Nf6 3. Bd3 g6 4. c4 Nc6 5. Ne2 Bg7 6. Nbc3 0-0 7. f3 e5 8. d5 Nd4 9. Nxd4 exd4 10. Ne2 Nh5 11. 0-0 c5 12. dxc6 bxc6 13. b4 a5 14. b5 c5 15. Nf4 Qh4 16. Nxh5 Qxh5 17. Rb1 Qh4 18. Rb3 f5 19. Qe1 Qd8 20. Bd2 f4 21. Ra3 g5 22. Rxa5 Rxa5 23. Bxa5 Qe8 24. a4 Rf6 25. Kf2 g4 26. Ke2 Qh5 27. Rh1 gxf3+ 28. gxf3 Rg6 29. Rf1 Bf6 30. Kd1 Bh3 31. b6 Bxf1 32. b7 Qxf3+ 33. Kc1 Bxd3 34. b8Q+ Kg7 35. Qc7+ Kh6 36. Qxd6 Bxe4 37. Qf8+ Kh5 38. Qd1 Qxd1+ 39. Kxd1 Rg1+ 40. Be1 Bh4 41. Qxc5+ Kg4 42. Qc8+ Bf5 43. h3+ Kf3 44. Qxf5 Bxe1 45. Qh5+ Kg2 46. Ke2 Bg3 47. Qf3+ Kh2 48. Kd3 Rg2 49. Kxd4 Rf2 50. Qh5 f3 51. a5 Rf1 52. Qxh7 f2 53. Qc2 Kg1 54. Qd3 1-0

[Event "Berlin Lichtenberger op 6th"]
[Site "Berlin"]
[Date "2007.??.??"]
[Round "?"]
[White "Schatz, Walter"]
[Black "Merz, Ruediger"]
[Result "1-0"]
[WhiteElo "2228"]
[BlackElo "1863"]
[PlyCount "43"]
[EventDate "2007.08.18"]
[EventType "swiss"]
[EventRounds "9"]
[EventCountry "GER"]
[SourceTitle "CBM 120 Extra"]
[Source "ChessBase"]
[SourceDate "2007.11.01"]
[SourceVersion "1"]
[SourceVersionDate "2007.11.01"]
[SourceQuality "1"]

1. e4 c5 2. c3 Nc6 3. d4 cxd4 4. cxd4 d5 5. exd5 Qxd5 6. Nf3 e6 7. Nc3 Bb4 8. Bd3 Qa5 9. Bd2 Nf6 10. a3 Bxc3 11. bxc3 0-0 12. 0-0 Qc7 13. Qe2 b6 14. Bg5 Bb7 15. Bxf6 gxf6 16. Qe4 f5 17. Qh4 f6 18. d5 Ne5 19. Nxe5 fxe5 20. dxe6 e4 21. Bb5 Bc6 22. Bc4 1-0

[Event "Berlin op 09"]
[Site "Berlin"]
[Date "2006.10.08"]
[Round "9"]
[White "Merz, Ruediger"]
[Black "Hohn, August"]
[Result "1-0"]
[WhiteElo "1851"]
[BlackElo "2095"]
[PlyCount "79"]
[EventDate "2006.09.30"]
[EventType "swiss"]
[EventRounds "9"]
[EventCountry "GER"]
[SourceTitle "EXT 2007"]
[Source "ChessBase"]
[SourceDate "2006.11.23"]
[SourceVersion "1"]
[SourceVersionDate "2006.11.23"]
[SourceQuality "1"]

1. e4 c6 2. d4 d5 3. Nc3 dxe4 4. Nxe4 Nd7 5. Ng5 e6 6. Bd3 Ngf6 7. N1f3 Bd6 8. Qe2 Qe7 9. Ne5 0-0 10. 0-0 h6 11. Ngf3 c5 12. Nxd7 Bxd7 13. dxc5 Bxc5 14. Ne5 Rfd8 15. Nxd7 Rxd7 16. Bf4 a6 17. Rad1 Rad8 18. h3 Bd6 19. Bxd6 Rxd6 20. Rfe1 Qc7 21. c4 Qa5 22. Bb1 Rd2 23. Rxd2 Rxd2 24. Qe3 Rxb2 25. Rd1 g6 26. Bxg6 Kg7 27. Bb1 Qg5 28. Qd4 Re2 29. Bd3 Rxa2 30. Rb1 e5 31. Qa7 e4 32. Bf1 Qf5 33. Rxb7 Nd7 34. Rxd7 e3 35. Qd4+ Kg6 36. Rd6+ Kg5 37. Qxe3+ Qf4 38. Rd5+ f5 39. Qe7+ Kh5 40. g4+ 1-0

[Event "Berlin op 09"]
[Site "Berlin"]
[Date "2006.10.03"]
[Round "4"]
[White "Witte, Ronald"]
[Black "Merz, Ruediger"]
[Result "0-1"]
[WhiteElo "2122"]
[BlackElo "1851"]
[PlyCount "120"]
[EventDate "2006.09.30"]
[EventType "swiss"]
[EventRounds "9"]
[EventCountry "GER"]
[SourceTitle "EXT 2007"]
[Source "ChessBase"]
[SourceDate "2006.11.23"]
[SourceVersion "1"]
[SourceVersionDate "2006.11.23"]
[SourceQuality "1"]

1. e4 c5 2. Nf3 d6 3. d4 cxd4 4. Nxd4 Nf6 5. Nc3 a6 6. Bg5 e6 7. f4 Qb6 8. Qd2 Qxb2 9. Rb1 Qa3 10. e5 Nfd7 11. Rb3 Qa5 12. exd6 Nc5 13. Rb1 f6 14. Bh4 Bxd6 15. Bg3 0-0 16. Ne4 Qxd2+ 17. Nxd2 b5 18. Be2 Bb7 19. Bf3 Bxf3 20. N4xf3 Nc6 21. 0-0 Rfd8 22. Rfe1 Kf7 23. Ne4 Nxe4 24. Rxe4 Bc5+ 25. Bf2 Bxf2+ 26. Kxf2 Rd6 27. a3 Na5 28. a4 Rc8 29. axb5 Rxc2+ 30. Kg3 Rc4 31. Re2 Rb6 32. Ra2 Nc6 33. Rxa6 Rxa6 34. bxa6 Ra4 35. Rb6 Ne7 36. Nd2 Nd5 37. Rb7+ Kg6 38. a7 Nxf4 39. a8Q Nh5+ 40. Kf3 Rxa8 41. g4 Ra3+ 42. Nb3 e5 43. gxh5+ Kxh5 44. Ke4 Kh6 45. Kf3 g5 46. Kg4 Kg6 47. Kg3 h5 48. Kg2 Ra2+ 49. Kg1 Rb2 50. Nc5 Rxb7 51. Nxb7 Kf5 52. Nd6+ Kf4 53. Ne8 f5 54. Ng7 h4 55. h3 g4 56. Ne6+ Kg3 57. hxg4 fxg4 58. Ng7 h3 59. Nh5+ Kf3 60. Kh2 e4 0-1

[Event "Berlin op 10"]
[Site "Berlin"]
[Date "2005.11.17"]
[Round "6"]
[White "Koenig, Frank"]
[Black "Merz, Ruediger"]
[Result "0-1"]
[WhiteElo "1934"]
[BlackElo "1823"]
[PlyCount "88"]
[EventDate "2005.10.13"]
[EventType "swiss"]
[EventRounds "7"]
[EventCountry "GER"]
[SourceTitle "EXT 2007"]
[Source "ChessBase"]
[SourceDate "2006.11.23"]
[SourceVersion "1"]
[SourceVersionDate "2006.11.23"]
[SourceQuality "1"]

1. Nf3 d5 2. c4 e6 3. g3 Nf6 4. Bg2 c6 5. b3 Bd6 6. 0-0 0-0 7. d4 dxc4 8. bxc4 c5 9. e3 Qc7 10. Nc3 a6 11. Qe2 cxd4 12. exd4 b5 13. c5 Bb7 14. Bg5 Be7 15. Bf4 Qc8 16. Rfc1 Nc6 17. Rd1 Re8 18. Rac1 Ra7 19. Ng5 Na5 20. Nce4 Qa8 21. f3 Nc4 22. Nxf6+ Bxf6 23. Ne4 Be7 24. Bg5 Bxe4 25. Bxe7 Bd5 26. Bg5 e5 27. Qf2 exd4 28. Rxd4 f6 29. Bf4 Rae7 30. Rcd1 Bc6 31. a4 Re2 32. Qxe2 Rxe2 33. Rd8+ Qxd8 34. Rxd8+ Kf7 35. axb5 Bxb5 36. Bf1 Rc2 37. Bd3 Rc3 38. Be4 Na5 39. Bd2 Ra3 40. Kf2 Bc6 41. Bxc6 Nxc6 42. Rd6 Ne7 43. Be3 Rxe3 44. Kxe3 Nf5+ 0-1